தமிழ் வழிகாட்டி : தரம் - 5 /

Saved in:
Bibliographic Details
Main Author: கீதா கணேஷ்
Format: Book
Language:English
Tamil
Published: கொழும்பு : லங்கா புத்தகசாலை / 2020.
Subjects:
Tags: Add Tag
No Tags, Be the first to tag this record!

MARC

LEADER 00000nam a22000007a 4500
005 20260410152540.0
008 260410b |||||||| |||| 00| 0 eng d
020 |a 9789557053578 
041 |a tam 
082 |a 494.811  |b கீதாக 
100 |a கீதா கணேஷ் 
245 |a தமிழ் வழிகாட்டி :  |b  தரம் - 5 /  |c கீதா கணேஷ் 
260 |a கொழும்பு :  |b லங்கா புத்தகசாலை /  |c 2020. 
300 |a 185 பக்.  |c 24.6 Cm. 
650 |a Tamil Language (General)  |9 117213 
942 |c BK 
999 |c 71250  |d 71250